Подробности
| 000 -МАРКЕР |
| контрольное поле |
01944nam2a2200337 4500 |
| 001 - ИДЕНТИФИКАТОР ЗАПИСИ |
| контрольное поле |
RU\NLR\bibl\792252 |
| 005 - ИДЕНТИФИКАТОР ВЕРСИИ |
| контрольное поле |
20260409065403.0 |
| 010 ## - МЕЖДУНАРОДНЫЙ СТАНДАРТНЫЙ НОМЕР КНИГИ (ISBN) |
| Номер (ISBN) |
5-7107-8902-X |
| Уточнения |
Ч. 2 |
| 021 ## - НОМЕР ГОСУДАРСТВЕННОЙ РЕГИСТРАЦИИ |
| Код страны |
российская федерация |
| Номер |
2004-79536 |
| Номер Листа государственной регистраци |
3924 |
| 035 ## - ДРУГИЕ СИСТЕМНЫЕ НОМЕРА |
| Идентификатор записи |
(NLR Aleph) 000781485 |
| 100 ## - ДАННЫЕ ОБЩЕЙ ОБРАБОТКИ |
| Данные общей обработки |
20050425d2004 u y0rusy50 ca |
| 101 0# - ЯЗЫК РЕСУРСА |
| Язык текста, звукозаписи и т.д. |
русский |
| 102 ## - СТРАНА ПУБЛИКАЦИИ ИЛИ ПРОИЗВОДСТВА |
| Страна публикации |
российская федерация |
| 105 ## - ПОЛЕ КОДИРОВАННЫХ ДАННЫХ: ТЕКСТОВЫЕ МАТЕРИАЛЫ, МОНОГРАФИЧЕСКИЕ |
| Кодированные данные о монографическом текстовом документе |
a ||||||||| |
| 200 1# - ЗАГЛАВИЕ И СВЕДЕНИЯ ОБ ОТВЕТСТВЕННОСТИ |
| Основное заглавие |
[Ряды, несобственные интегралы, ряды Фурье, преобразование Фурье] |
| 215 ## - ФИЗИЧЕСКАЯ ХАРАКТЕРИСТИКА |
| Специфическое обозначение материала и объем |
710,[2] с. |
| Другие сведения о физической характеристике |
граф. |
| 300 ## - ОБЩИЕ ПРИМЕЧАНИЯ |
| Текст примечания |
Загл. указано на обороте тит.л. |
| 461 #0 - УРОВЕНЬ НАБОРА |
| Встроенное поле |
001RU\NLR\bibl\818887 |
| -- |
2001#$aЗадачи и упражнения по математическому анализу$vЧ. 2 |
| Системный номер (АБИС) связанной записи |
1222028 |
| Автор |
Виноградова, И. А. (канд. физ.-мат. наук) |
| Место публикации |
Москва |
| Дата публикации |
2004 |
| Издание |
4-е изд., стер. |
| Первые сведения об ответственности |
И.А. Виноградова, С.Н. Олехник, В.А. Садовничий |
| Имя издателя, распространителя и т.д. |
Дрофа |
| Сведения, относящиеся к заглавию |
учебник для студентов высших учебных заведений, обучающихся по направлениям и специальностям физико-математического профиля : [в 2 ч.] |
| Заглавие |
Задачи и упражнения по математическому анализу |
| ISBN |
5-7107-8903-8 |
| Номер тома |
Ч. 2 |
| 606 ## - НАИМЕНОВАНИЕ ТЕМЫ КАК ПРЕДМЕТ |
| Наименование темы |
Ряды (мат.) |
| Формальный подзаголовок |
Задачники |
| Идентификатор авторитетной/нормативной записи |
RU\NLR\auth\6627482 |
| Системный номер авторитетной/нормативной записи |
937155 |
| 606 1# - НАИМЕНОВАНИЕ ТЕМЫ КАК ПРЕДМЕТ |
| Наименование темы |
Интегралы |
| Формальный подзаголовок |
Задачники |
| Системный номер авторитетной/нормативной записи |
1164017 |
| Идентификатор авторитетной/нормативной записи |
RU\NLR\auth\66148403 |
| 606 1# - НАИМЕНОВАНИЕ ТЕМЫ КАК ПРЕДМЕТ |
| Наименование темы |
Фурье преобразования |
| Формальный подзаголовок |
Задачники |
| Системный номер авторитетной/нормативной записи |
2216316 |
| Идентификатор авторитетной/нормативной записи |
RU\NLR\auth\661331102 |
| 606 ## - НАИМЕНОВАНИЕ ТЕМЫ КАК ПРЕДМЕТ |
| Наименование темы |
Преобразования (мат.) Фурье |
| Формальный подзаголовок |
Задачники |
| Идентификатор авторитетной/нормативной записи |
RU\NLR\auth\66725661 |
| Системный номер авторитетной/нормативной записи |
1640904 |
| 686 ## - ИНДЕКСЫ ДРУГИХ КЛАССИФИКАЦИЙ |
| Индекс |
В161.3я73-4 |
| 686 ## - ИНДЕКСЫ ДРУГИХ КЛАССИФИКАЦИЙ |
| Индекс |
В161.22я73-4 |
| 686 ## - ИНДЕКСЫ ДРУГИХ КЛАССИФИКАЦИЙ |
| Индекс |
В161.911я73-4 |
| 801 #0 - ИСТОЧНИК ЗАПИСИ |
| Страна |
российская федерация |
| Организация |
NLR |
| Дата составления |
20050425 |
| Правила каталогизации |
PSBO |
| 801 #1 - ИСТОЧНИК ЗАПИСИ |
| Страна |
российская федерация |
| Организация |
NLR |
| Дата составления |
20050425 |
| 942 ## - ДОПОЛНИТЕЛЬНЫЕ ЭЛЕМЕНТЫ ЗАПИСИ (АБИС) |
| Тип экземпляра АБИС |
Книга |
| 980 ## - КОЛЛЕКЦИЯ |
| Название коллекции |
Национальная библиография |